000 00526nam a2200181Ia 4500
008 240925s9999 xx 000 0 und d
020 _a9788126564125
082 _a658.1599 BUT
100 _aButler, Kirt C.
245 0 _aMultinational Finance: evaluating the opportunities, costs, and risks of multinational operations
250 _a6th
260 _aNew Delhi:
_bJohn Wiley & Sons
_c,2016.
300 _a388p.
_b0
_fOriginal
500 _aIncludes Index
600 _aManagement
650 _aManagement
942 _cBK
999 _c15636
_d15636